000 00549nam a2200193Ia 4500
008 120910t1999 xxu||||| |||| 00| 0 sin d
041 _asin
080 _a8 S 31 ( 802. 0 )
_bBUC
100 _aBuck, Pearl S.
245 _aදේශප්‍රේමියා
246 _aDeshapremiya
260 _aAuthor
_aJambugahapitiya
_c1999
300 _b164p, 17 cm
500 _aSinhalese Translation of Pearl S. Buck's of The Patriot
700 _aYapa, Vijayasena
_etr.
942 _cBK
999 _c40162
_d40162
003 LK-CoDNM
040 _aLK-CoDNM
_dLK-CoDNM
_eLK-CoDNM